000 01771cam a22004814i 4500
003 PE-LiUPU
005 20250731172754.0
008 150617s r 000 0 d
020 _a8428511268
035 _a(Sirsi) i9788428511261
040 _aPE-LiUPU
_bspa
_cPE-LiUPU
_erda
049 _aPRUA
082 0 4 _a226
_bH39
_221
100 1 _aHendrickx, Herman,
_eautor.
245 1 4 _aLos relatos de la infancia /
_cHerman Hendrickx.
264 1 _aMadrid :
_bEdiciones Paulinas,
_c1986.
300 _a175 páginas ;
_c20 centímetros.
336 _atext
_2rdacontent
337 _aunmediated
_2rdamedia
338 _avolume
_2rdacarrier
490 0 _aColección La palabra de Dios Serie "A"
504 _aIncluye bibliografía.
505 0 _aLos relatos de la infancia -- El relato de la infancia de Mateo -- ¿Quién es el Mesías? -- El destino del mesías -- El relato de la infancia de Lucas -- Los relatos de anunciaciones -- Relatos de nacimientos -- La predicación de los evangelios de la infancia.
526 _aSEG42
526 _aSEG41
526 _aSEG40
526 _aSEG39
526 _aP94
526 _aP87
526 _aP86
526 _aP85
526 _aP77
526 _aP76
526 _aP35
630 _aBilblia
_pN.T.
_xPersonajes bíblicos.
910 _ajck
_bjvq
_cjck
_d20150616
942 _2ddc
_cBOOK
949 _a226 H39
_wDEWEY
_c1
_i28758
_lCCODEBUL1
_mBUL
_r0
_sY
_tBOOK
_u2015-4-21
_xTEOLOGIA
_PP35
_0COMPRA
_o.STAFF. Colección general
994 _aC0
_bPEPRU
596 _a1
999 _a226 H39
_wDEWEY
_c3015
_i28758
_f2021-11-9
_g5
_lCCODEBUL1
_mBUL
_r0
_sY
_tBOOK
_u2015-4-21
_xTEOLOGIA
_PP35
_0COMPRA
_o.STAFF. Colección general
_d3015
980 _81
_gALBERTO SANCHEZ Responsable de Automatización